000 00256nam a22001097a 4500
008 160504b xxu||||| |||| 00| 0 eng d
020 _a0394336216
041 _aeng
080 _a61
245 _aHuman development:
_cJames W. Vander Zanden:
942 _2udc
_cBK
999 _c1761
_d1761